| 000 | 00601nam a2200193 a 4500 | ||
|---|---|---|---|
| 005 | 20210219160435.0 | ||
| 008 | 081107s1999 mx r 000 0 spa d | ||
| 020 | _a8478272100 | ||
| 035 | _aUPN01000165468 | ||
| 049 | _aCG | ||
| 050 | 4 | _aPOR ADQUIRIR | |
| 245 | 0 | 3 |
_aLa Educación en el siglo XXI: Los retos del futuro inmediato / _cCoordinado por F. Imbernón...(et al.) |
| 260 |
_aBarcelona : _bEditorial Graó, _c1999. |
||
| 300 | _a180 p. | ||
| 440 | 0 | _aBiblioteca de aula; 136 | |
| 690 | _aFuturologia de la educacion | ||
| 690 | _aEducacion- Desarrollo de la educacion | ||
| 905 | _aLibro | ||
| 999 |
_c137580 _d137580 |
||